<?xml version="1.0" encoding="UTF-8"?>
<collection xmlns:xsi="http://www.w3.org/2001/XMLSchema-instance" xsi:schemaLocation="http://www.loc.gov/MARC21/slim http://www.loc.gov/standards/marcxml/schema/MARC21slim.xsd" xmlns="http://www.loc.gov/MARC21/slim">
 <record>
  <leader>00000cab a22000004cb4500</leader>
  <controlfield tag="001">IPP-00000656713</controlfield>
  <controlfield tag="003">IPP</controlfield>
  <controlfield tag="005">20230505103840.0</controlfield>
  <controlfield tag="008">230505s2006    xx     d | ||r |||||   ||</controlfield>
  <datafield tag="100" ind1="1" ind2="#">
   <subfield code="a">Magracia, Emma B.</subfield>
  </datafield>
  <datafield tag="245" ind1="1" ind2="0">
   <subfield code="a">Pambansang planong pangwika ng Pilipinas</subfield>
   <subfield code="b">isang malapitang pagtinging historikal</subfield>
   <subfield code="c">Pambansang planong pangwika ng Pilipinas</subfield>
  </datafield>
  <datafield tag="264" ind1="#" ind2="1">
   <subfield code="c">2006</subfield>
  </datafield>
  <datafield tag="520" ind1="#" ind2="#">
   <subfield code="a">Tinatalakay sa artikulo ang mga isinagawang patakarang sa Pilipinas ayon sa teorya at prinsipyo ng pagpaplanong pangwika pangwika. Ang mga patakarang pangwikang ito ay may mahabang kasaysayan na nagsimula sa panahon ng Kastila hanggang sa kasalukuyan. Ang mga pagbabago-bago ay makikita sa iba't ibang panahon at era ng kasaysayan ng bansa. Patuloy ang mga pagbabagong ito hanggang sa kasalukuyan.</subfield>
  </datafield>
  <datafield tag="650" ind1="1" ind2="0">
   <subfield code="a">Filipino language</subfield>
   <subfield code="x">History</subfield>
  </datafield>
  <datafield tag="650" ind1="2" ind2="0">
   <subfield code="a">Language policy</subfield>
   <subfield code="x">-Philippines</subfield>
  </datafield>
  <datafield tag="650" ind1="2" ind2="0">
   <subfield code="a">Philippine languages</subfield>
  </datafield>
  <datafield tag="773" ind1="0" ind2="#">
   <subfield code="t">Langkit : the Official journal of the College of Arts &amp; Social Sciences Mindanao State University-Iligan Institute of Technology</subfield>
   <subfield code="g">Vol. 1, no. 1 (2006), 143-164</subfield>
  </datafield>
  <datafield tag="852" ind1="#" ind2="#">
   <subfield code="a">UPD</subfield>
   <subfield code="b">DMUE</subfield>
  </datafield>
  <datafield tag="942" ind1="#" ind2="#">
   <subfield code="a">Article</subfield>
  </datafield>
  <datafield tag="950" ind1="#" ind2="#">
   <subfield code="a">FI</subfield>
  </datafield>
 </record>
</collection>
